[Event "Chambery op 14th"]
[Site "Chambery"]
[Date "2008.08.04"]
[Round "3"]
[White "Perolini, Roland"]
[Black "Sorbe, Xavier"]
[Result "1-0"]
[WhiteElo "1499"]
[BlackElo "1651"]
[PlyCount "41"]
[EventDate "2008.08.04"]
[EventType "swiss"]
[EventRounds "9"]
[EventCountry "FRA"]
[SourceTitle "EXT 2009"]
[Source "ChessBase"]
[SourceDate "2008.11.26"]
[SourceVersion "1"]
[SourceVersionDate "2008.11.26"]
[SourceQuality "1"]

1. e4 d5 2. exd5 Qxd5 3. Nc3 Qa5 4. d4 Nf6 5. Bd2 Bf5 6. Bc4 c6 7. Nd5 Qd8 8. Nxf6+ exf6 9. c3 Be7 10. Qb3 Qb6 11. Bxf7+ Kd8 12. Nf3 Nd7 13. 0-0 Rf8 14. Rfe1 c5 15. dxc5 Bxc5 16. Be3 Qc7 17. Rad1 Kc8 18. Be6 Bxe6 19. Qxe6 b6 20. Bf4 Qd8 21. Qc6+ 1-0

[Event "Bordeaux op"]
[Site "Bordeaux"]
[Date "2006.??.??"]
[Round "4"]
[White "Sorbe, Xavier"]
[Black "Foucher, Valentin"]
[Result "0-1"]
[WhiteElo "1499"]
[BlackElo "1690"]
[PlyCount "98"]
[EventDate "2005.??.??"]
[EventType "swiss"]
[EventRounds "7"]
[EventCountry "FRA"]
[SourceTitle "EXT 2007"]
[Source "ChessBase"]
[SourceDate "2006.11.23"]
[SourceVersion "1"]
[SourceVersionDate "2006.11.23"]
[SourceQuality "1"]

1. d4 d5 2. Nf3 Nf6 3. Bf4 Bf5 4. e3 e6 5. c4 c6 6. Nc3 Nbd7 7. cxd5 cxd5 8. Bd3 Bxd3 9. Qxd3 Qb6 10. Qc2 Rc8 11. 0-0 Bb4 12. Nd2 0-0 13. Rfc1 Rc6 14. Qd3 Rfc8 15. Rc2 Bxc3 16. bxc3 Qa6 17. Qxa6 Rxa6 18. c4 Rac6 19. c5 b6 20. Bg5 bxc5 21. Bxf6 Nxf6 22. dxc5 Rxc5 23. Rxc5 Rxc5 24. Kf1 Kf8 25. Ke2 Rc3 26. Rb1 Rc2 27. Rb8+ Ke7 28. Rb7+ Kf8 29. Rb8+ Ne8 30. a4 Ra2 31. Rb4 Nd6 32. Kd3 e5 33. Kc3 Ke7 34. f3 Kd7 35. h4 f5 36. g4 fxg4 37. Rxg4 Nf5 38. Nb3 g6 39. Rb4 Nxe3 40. Rb7+ Kc6 41. Rxa7 d4+ 42. Nxd4+ exd4+ 43. Kxd4 Nf5+ 44. Ke4 Nxh4 45. Rxh7 Rxa4+ 46. Ke3 Ra3+ 47. Ke4 Kd6 48. f4 Nf5 49. Rh3 Ng3+ 0-1